000 00897nam a22002657a 4500
001 9540
003 FISKH
005 20260120120049.0
008 260120b cb ||||| |||| 00| 0 eng d
020 _a9788180062575
040 _aFISKH
_beng
_cFISKH
_dFISKH
050 _aPZ7
082 _a599.7
100 _aAnonymous
_eAuthor
245 _aPinku the pony :
_bA baby animal story book /
260 _aMumbai :
_bAlka Publications ,
300 _a10 unnumbered pages :
_bcolor illustrations ;
_c10 x 18 cm
505 _aC
520 _aPinku the Pony follows a pony named Pinku through simple, child-friendly scenes that introduce basic vocabulary and concepts, using bright illustrations and minimal text to engage toddlers and emerging readers.
521 8 _a100
_bLexile estimate
521 8 _aC
_bRaz-Plus
650 _aBoard book
_vPony
942 _2ddc
_cBK
_n0
999 _c9540
_d9540